| 000 | 00391nam a2200157Ia 4500 | ||
|---|---|---|---|
| 008 | 230917s9999||||xx |||||||||||||| ||und|| | ||
| 040 |
_e49816 _aMAIN |
||
| 041 | _aEnglish | ||
| 082 | _a200 M749E | ||
| 100 | _aMonk, Robert C (et al) | ||
| 245 | 0 | _aExploring religions meaning | |
| 250 | _a2nd ed. | ||
| 260 |
_aNew Jersey _bPrentice-Hall _c1980 |
||
| 300 | _axvii, 394 p. | ||
| 942 | _cBK | ||
| 999 |
_c217568 _d217568 |
||